000 01323cam a2200193 4500
001 J125520
008 040322n2003 000 0 eng u
035 _a(Sirsi) u125520
041 _aeng
050 _a386.8
_c18
110 _aUnited Kingdom
_bParliament
_bHouse of Commons
_bSelect Committee on Transport
_94622
245 _aSelect committee on transport: ninth report
260 _aLondon
_bDepartment for Transport
_c2003
520 _aTransport Committee investigation, started by its predecessor committees, into major ports, their hinterlands, land transport links and sea approaches. In particular it looks at: what contribution major ports make to the economy of the United Kingdom; what problems and opportunities currently face major ports, particularly with respect to co-operation with each other, safety, the environment, and regulation; whether the proposals contained in the government's document "Modern Ports: A UK Policy" are adequate to address the difficulties and opportunities faced by such ports; and what other policies should be pursued to benefit such ports.
650 _aPORTS
690 _aTRANSPORT AND COMMUNICATION
856 _uhttps://www.parliament.the-stationery-office.co.uk/pa/cm200203/cmselect/cmtran/783/78302.htm
_zView the report on the Parliament website...
942 _n0
999 _c103427
_d103427